[Event "EU-Cup 31st"]
[Site "Skopje"]
[Date "2015.10.24"]
[Round "7.1"]
[White "Swiercz, Dariusz"]
[Black "Gelfand, Boris"]
[Result "1/2-1/2"]
[WhiteElo "2620"]
[BlackElo "2741"]
[Annotator "Swiercz,D"]
[PlyCount "80"]
[EventDate "2015.10.18"]
[EventType "team-swiss"]
[EventRounds "7"]
[EventCountry "MKD"]
[SourceTitle "CBM 169"]
[Source "ChessBase"]
[SourceDate "2015.11.10"]
[SourceVersion "1"]
[SourceVersionDate "2015.11.10"]
[SourceQuality "1"]
[WhiteTeam "Modena"]
[BlackTeam "Belorechensk"]
[WhiteTeamCountry "ITA"]
[BlackTeamCountry "RUS"]

1. e4 c5 2. Nf3 d6 3. d4 cxd4 4. Nxd4 Nf6 5. Nc3 a6 6. h3 e5 7. Nde2 h5 8. g3
b5 {This is not the first time that Boris Gelfand has used this line against
the 6.h3 Najdorf and I did some preparation before the game. I thought that
White obtains good chances for an advantage but in fact it might not be that
easy. Other lines here are:} (8... Be6) (8... Be7) (8... Nbd7) 9. Nd5 Nbd7 10.
Nec3 Bb7 11. Bg5 ({Not so long ago my opponent had faced} 11. Bg2 {but I had a
different idea in mind. In Shankland - Gelfand 2015 there followed} Be7 12. a4
Nxd5 13. Nxd5 h4 14. axb5 axb5 15. Rxa8 Bxa8 16. O-O Bxd5 17. Qxd5 hxg3 18.
fxg3 Qb6+ 19. Kh1 Nf6 20. Qb3 Qc6 21. Bg5 O-O 22. Ra1 Bd8 23. Bxf6 Bxf6 24. Ra5
Rb8 25. Ra7 Rf8 26. Ra5 Rb8 27. Ra7 Rf8 {1/2 (27) Shankland,S (2661)-Gelfand,B
(2747) Tsaghkadzor ARM 2015}) 11... Rc8 12. Bg2 Be7 13. Nxe7 Qxe7 14. h4 $5 {
Not a new move obviously, but I thought it was unpleasant for Black. The main
point is that ...Qe6 is not possible because of Bh3 and White hasn't yet
showed where he intends to castle. In this position I checked many moves. I
focussed mostly on ...Nb6 which had been played twice previously. But...} b4 $1
{... the move, which Gelfand played was a big surprise for me.} (14... Nb6 15.
Qd3 (15. O-O $5 Qe6 16. Bxf6 Qxf6 17. a4 Rxc3 $5 (17... b4 {is not so great}
18. Na2 Nxa4 19. Nxb4 Nxb2 20. Qe2 $14 {as in Brkic-Palac 2015.}) 18. bxc3 Nxa4
19. Ra3 $13 {with complicated play}) 15... Qc7 16. Bh3 Nfd7 (16... Rb8 17. Bxf6
gxf6 18. O-O $5 $14 {with some pressure}) 17. O-O Nc5 18. Qd1 Rb8 19. Bg2 $14)
15. Nd5 Bxd5 16. exd5 e4 $1 {The correct move order. The point is that Black
wants to play ...Qe5 immediately.} (16... O-O {then White has an additional
option:} 17. a3 $5 a5 (17... e4 $2 {is not possible any more} 18. axb4 Qe5 19.
c3 $16) 18. axb4 axb4 19. O-O $14 {I think that the inclusion of a3-a5 and
exchange of pawns is in White's favour.}) 17. O-O (17. a3 Qe5 (17... b3 $5) 18.
axb4 Qxb2 19. O-O O-O {is just back to the game.}) 17... O-O $1 (17... Qe5 $2 {
is bad because of} 18. Bf4 $1 Qxb2 19. Bxd6 $16 {and Black's king cannot
castle and has to stay in the centre.}) 18. a3 Qe5 19. axb4 {The best try to
fight for an advantage.} ({Now} 19. Bf4 Qxb2 20. Bxd6 Rfe8 $13 {would have
been just unclear.}) 19... Qxb2 20. Rxa6 Qxb4 21. Rc6 $1 {I was happy with
this move. I thought that it's unpleasant for Black. According to the computer
it's indeed unpleasant but in my opinion the comp is overestimating White's
position.} (21. Bf4 $6 Nb6 $1 {and Black takes over the initiative.}) 21...
Rfe8 $1 {The most precise answer.} (21... Ra8 22. Bf4 $1) 22. c3 {Not the best
move.} (22. Bh3 {is the comp's suggestion and in fact it's most probably the
best here. I refused to play it because of} Ra8 {with some ideas of Ne5-Nf3 or
...Ng4.} 23. Qb1 (23. c3 Qb8) 23... Qa3 (23... Qd4 $2 24. Rxd6 Ne5 25. Bxf6
gxf6 26. Qb6 $16) 24. Qb3 (24. Qc1 Qb4 25. c3 Qb8 26. Bf4 e3 $1 $13) 24... Qxb3
25. cxb3 Ng4 26. Rxd6 Nde5 $44 {White is a pawn up and obtains some chances
for a win but Black's knights are very strong (and they have good outposts,
which is important) and in my opinion Black has sufficient compensation.
Anyway, it was a better chance than that what I played.}) (22. Re1 $5 Ra8 $1 {
is also fine for Black.}) 22... Qb5 {This is the most precise.} (22... Qb7 $5 {
is another possibility. In analysis after game we thought that White might
have some pressure after} 23. Qa4 (23. Rxd6 Rxc3 24. Qa4) 23... Nc5 24. Qd4 {
but we both missed} Ne6 $1 {and Black is OK} (24... Rxc6 25. dxc6 Qxc6 26. Bxf6
gxf6 27. Qxf6 {looks good for White.}) 25. Qc4 (25. Qd1 Rxc6 26. dxc6 Qxc6 27.
Bxf6 gxf6 28. Qxh5 Ng7 29. Qa5 f5 $11) (25. dxe6 Qxc6 26. Bxf6 gxf6 27. Bxe4
Qc5 28. Bd5 (28. Qxf6 Rxe6 {and White needs to find a perpetual}) 28... fxe6
29. Qxf6 Qxd5 30. Qg6+ $11) 25... Nxg5 26. hxg5 Ng4 27. Bxe4 Ne5 28. Rxc8 Rxc8
$11) 23. c4 Qb7 {Black is completely fine. I didn't find anything better than..
.} 24. Qb1 {...which leads to 3 vs 3 on one side ending with many possible
material configurations but anyway it's pretty drawish.} (24. Qa4 Ra8 25. Qc2
Ra6 26. Rb1 Qa8 {looks rather fine for Black}) (24. Rxd6 Rxc4 {I thought that
Black is just OK there and that I even need to be careful there as the d5-pawn
might become weak.} 25. Bh3 {this is an important move. The position gets
sharp but it ends up equal.} Re5 $5 (25... Ne5 $6 26. Bxf6 Nf3+ 27. Kh1 gxf6
28. Rxf6 Rd8 29. Bg2 $14) (25... Ng4 $5 26. Bxg4 hxg4 27. Bf4 $1 Ne5 28. Bxe5
Rxe5 29. Rd8+ Kh7 30. Qxg4 Rxd5 31. Rd1 Rxd1+ 32. Rxd1 Qb5 $11) 26. Bxd7 Nxd7
27. Qxh5 Rxd5 28. Rxd5 Qxd5 $11) 24... Qxb1 25. Rxb1 Ne5 $1 26. Rxd6 (26. Rxc8
Rxc8 27. Bxf6 gxf6 28. Bxe4 Rxc4 $11) 26... Nxc4 27. Rc6 (27. Rxf6 {would have
been overambitious:} gxf6 28. Bxf6 e3 $1 {and Black is not worse for sure.})
27... Nxd5 28. Rxc8 Rxc8 29. Bxe4 Nc3 30. Re1 (30. Bf5 {was maybe more
accurate but it doesn't really change much.} Nxb1 31. Bxc8 Nc3 $11) 30... Nxe4
31. Rxe4 $11 {Now the position is completely drawish.} f6 32. Bf4 Kf7 33. Kg2
Rc6 34. Re2 Nd6 35. Bxd6 Rxd6 36. Ra2 Kg6 37. Re2 Kf7 38. Ra2 Kg6 39. Re2 Kf7
40. Ra2 Kg6 1/2-1/2

[Event "Tbilisi FIDE GP"]
[Site "Tbilisi"]
[Date "2015.02.15"]
[Round "1"]
[White "Vachier Lagrave, Maxime"]
[Black "Mamedyarov, Shakhriyar"]
[Result "0-1"]
[WhiteElo "2775"]
[BlackElo "2759"]
[Annotator "Szabo,Kr"]
[PlyCount "81"]
[EventDate "2015.02.15"]
[EventType "tourn"]
[EventRounds "11"]
[EventCountry "GEO"]
[EventCategory "20"]
[SourceTitle "CBM 165"]
[Source "ChessBase"]
[SourceDate "2015.03.11"]
[SourceVersion "1"]
[SourceVersionDate "2015.03.11"]
[SourceQuality "1"]

1. e4 c5 2. Nf3 d6 3. d4 cxd4 4. Nxd4 Nf6 5. Nc3 a6 6. Be3 Ng4 7. Bg5 h6 8. Bh4
g5 9. Bg3 Bg7 10. Be2 (10. h3 {is the other main line.}) 10... h5 11. h4 {
This move has become popular nowadays.} (11. Bxg4 {is still more common.})
11... gxh4 12. Bxh4 Nc6 13. Nb3 Be6 14. Qd2 Rc8 15. f3 Bh6 16. Bg5 Bxg5 17.
Qxg5 Nf6 18. Qd2 (18. O-O-O Rg8 19. Qe3 Rxg2 20. f4 Qc7 21. Kb1 b5 22. Bxh5 Qa7
23. Qxa7 Nxa7 24. Bf3 Rf2 {Svidler-Gelfand, Baku 2014, with a balanced
position.}) 18... Rg8 19. Bf1 Bxb3 20. axb3 Nb4 21. Kd1 $146 {An unexpected
decision by Vachier. He protects his c2-pawn with his king and he frees the
queen.} (21. Ra4 {was tried in a correspondence game} Qb6 22. Bb5+ $5 axb5 23.
Rxb4 Ra8 24. Nd1 Qc5 25. c3 Qe5 26. Rh3 Ra1 27. Rd4 Kd8 28. Kf2 h4 $13 {
with a really complicated middlegame, Cacko-Hudak, corr 2010.}) 21... Qc7 22.
Qd4 {White immediately activates his queen.} Nc6 23. Qd2 Nb4 24. Qd4 Nc6 25.
Qd2 e6 {An ambitious reply. Black doesn't continue the repetitions. He
prepares for ...Ke7.} 26. Kc1 Ke7 27. Kb1 Qb6 28. Ra4 Qc5 29. f4 $6 {An
inaccuracy, which allows Black's following reply.} (29. Rc4 {was important to
attack the queen} Qa7 ({or} 29... Qg5 30. f4 Qg7) 30. Ra4 {and the position is
balanced.}) 29... Rg3 $1 {The right answer! Black immediately finds the
weakness in White's position.} 30. Be2 $2 {White simply gives his g2-pawn, but
he doesn't get any counterplay for it.} ({White should have held with} 30. Qe1
Rcg8 31. Qe2 {, but} R8g4 $15 {and Black's position is favourable.}) 30... Rxg2
31. Rc4 Qf2 32. Qd1 b5 $6 {An error, which gives some practical chances to
White.} (32... Qxf4 {was better} 33. Nd5+ exd5 34. exd5 Ne4 35. dxc6 Rxc6 $17)
({or as recommended by the machine} 32... Ng4 33. Bxg4 hxg4 34. f5 Qd2 $19 {
and Black is a healthy pawn up, he is winning.}) 33. e5 $2 {The decisive
mistake, White returns the loan.} ({The engine suggests the attempt for
practical chances with} 33. Rxc6 $1 Rxc6 34. Bf3 Rc5 35. b4 Rc4 36. Bxg2 Qxg2
37. e5 {and still Black is slightly better, but White has some counterplay.})
33... dxe5 ({The immediate} 33... bxc4 $1 {was also strong} 34. exf6+ Kd7 $19 {
and the black king is safe. White has no hope.}) 34. fxe5 (34. Rf1 {could have
been met by} Rg1 $1 35. Rxg1 bxc4 36. fxe5 Nxe5 37. bxc4 h4 $19 {and Black
wins.}) 34... bxc4 35. exf6+ Qxf6 36. Bxc4 Qd4 $19 {Black is an exchange and a
pawn up. He defended his position, so he is completely winning.} 37. Qe1 Qf2
38. Qe4 Rg1+ 39. Rxg1 Qxg1+ 40. Ka2 Nb4+ 41. Ka3 (41. Ka3 Rb8 $19) 0-1

[Event "Olympiad-41"]
[Site "Tromsoe"]
[Date "2014.08.09"]
[Round "7.1"]
[White "Dominguez Perez, Leinier"]
[Black "Mamedyarov, Shakhriyar"]
[Result "1-0"]
[WhiteElo "2760"]
[BlackElo "2743"]
[Annotator "Szabo,Kr"]
[PlyCount "61"]
[EventDate "2014.08.02"]
[EventType "team-swiss"]
[EventRounds "11"]
[EventCountry "NOR"]
[SourceTitle "CBM 162"]
[Source "ChessBase"]
[SourceDate "2014.09.17"]
[SourceVersion "1"]
[SourceVersionDate "2014.09.17"]
[SourceQuality "1"]
[WhiteTeam "Cuba"]
[BlackTeam "Azerbaijan"]
[WhiteTeamCountry "CUB"]
[BlackTeamCountry "AZE"]

1. e4 c5 2. Nf3 d6 3. d4 cxd4 4. Nxd4 Nf6 5. Nc3 a6 6. f3 Qb6 7. g4 Nc6 8. Nb3
e6 9. Qe2 Qc7 10. Be3 b5 11. O-O-O Nd7 12. Qf2 Nce5 13. Kb1 Be7 14. Rg1 g5 $146
{An interesting novelty by Mamedyarov. This move looks a little bit strange,
because Black already can't castle. On the other hand Black avoids f4, so now
the e5 N is invulnerable.} (14... Bb7 15. g5 O-O 16. f4 b4 17. Na4 Nc4 18. Bxc4
Qxc4 19. f5 Qb5 20. f6 Qxa4 21. fxe7 Rfe8 22. Rxd6 $36 {with a great
initiative, Akopian-Cramling, Gibraltar 2006.}) 15. h4 $1 {An ambitious reply.
Dominguez immediately attacks the g5-pawn.} h6 $1 (15... gxh4 $2 16. g5 $1 $16
{followed by f4.}) 16. Rh1 {The R wasn't useful on the g-file, now he will
open the h-file.} Rg8 {Black gives up the h-file, he wants to hold the g5 P.} (
16... gxh4 $5 {was an interesting option,} 17. Be2 Bb7 18. f4 Nc4 19. Bxc4 Qxc4
20. a3 {and White's chances are looking better.}) 17. hxg5 hxg5 18. Rh3 $5 {
A deep move. White prepares for Qh2 with the unpleasant Rh8 threat.} Rb8 (18...
Bb7 19. a3 $36 {and White's position is more comfortable.}) 19. Nd4 b4 (19...
Nc4 20. Bxc4 bxc4 21. Ka1 {followed by Rb1 and White's queenside is safe, he
can continue his attack on the kingside.}) 20. Na4 Nf6 21. b3 Bd7 22. Bxa6 $1 {
White simply accepts the "poisoned" P. In this type of positions the b5 square
is the most important, that's why the a6 P is important for White. Now he is
ready to play Qe2 and sometimes Nb5 can be dangerous for Black.} d5 $6 {
Logical, but a dubious move.} (22... Qa5 $1 {was the correct reply} 23. Qe2 $1
(23. Be2 Bxa4 24. bxa4 Qxa4 25. Qf1 Kf8 $132 {with a double-edged fight.})
23... Kf8 $1 {A nice prophylactic move. White's position looks slightly better,
but still this is a big fight.} (23... d5 $6 24. Rdh1 $1 dxe4 25. Rh8 $36 {
with a strong initiative.})) 23. Qh2 $1 {This is the point of White's 18th
move!} Bd6 24. Qe2 {Suddenly White's Q is on e2 and he is threatening to play
Nb5.} Qa5 25. Rh6 $1 {A very unpleasant move for Black. Now what can Black do
with his f6 N?} Ke7 $2 {Loses immediately, but Black's position was already
bad.} (25... Be7 26. Qh2 dxe4 27. Rh8 $16 {and White has a strong attack.}) 26.
exd5 Bxa4 27. dxe6 $1 fxe6 28. bxa4 Nd5 29. Nc6+ $1 {A great tactical blow!}
Nxc6 30. Bxg5+ Kf8 31. Qxe6 {A brilliant attacking game by Dominguez!} 1-0

[Event "Moscow Nutcracker"]
[Site "Moscow"]
[Date "2014.12.22"]
[Round "3.1"]
[White "Shirov, Alexei"]
[Black "Oparin, Grigoriy"]
[Result "1-0"]
[WhiteElo "2675"]
[BlackElo "2543"]
[Annotator "Szabo,Kr"]
[PlyCount "97"]
[EventDate "2014.12.20"]
[EventType "schev"]
[EventRounds "4"]
[EventCountry "RUS"]
[SourceTitle "CBM 164"]
[Source "ChessBase"]
[SourceDate "2015.01.15"]
[SourceVersion "1"]
[SourceVersionDate "2015.01.15"]
[SourceQuality "1"]
[WhiteTeam "Kings"]
[BlackTeam "Princes"]
[BlackTeamCountry "RUS"]

1. e4 c5 2. Nf3 d6 3. d4 cxd4 4. Nxd4 Nf6 5. Nc3 a6 6. h3 e5 7. Nde2 h5 8. g3
Be6 9. Bg2 b5 10. a4 $146 {A novelty by Shirov.} (10. f4 Nbd7 11. b3 Nc5 12.
Be3 Rc8 13. a3 Be7 14. O-O O-O 15. Rc1 a5 16. Nxb5 Ncxe4 $132 {with a
double-edged fight, Movsesian-Gopal, Doha 2014.}) (10. O-O Nbd7 11. a4 (11. Be3
Nb6 12. b3 Be7 13. Qd2 Qc7 14. a4 bxa4 (14... b4 15. a5 $1) 15. Nxa4 Nxa4 16.
Rxa4 O-O 17. Rfa1 Rfc8 18. c4 Rcb8 19. R4a3 Nd7 20. Nc3 $14 {with a
comfortable middlegame for White, Giri-Wojtaszek, Biel 2014.}) 11... b4 12. Nd5
Nxd5 13. exd5 Bf5 14. Bd2 Rb8 15. Qe1 Be7 16. Bxb4 Qb6 17. c3 Nc5 18. a5 Qb5
19. Bxc5 {(Iv.Saric-Duda, Doha 2014)} Qxc5 20. b4 Qa7 {with some compensation
for the P.}) 10... b4 11. Nd5 Bxd5 ({Probably} 11... Nxd5 $142 {was more
accurate} 12. exd5 Bf5 13. c3 bxc3 14. Nxc3 Nd7 {with a balanced position.})
12. exd5 Nbd7 13. c3 {White immediately plays on the queenside.} ({The natural
} 13. O-O Be7 14. c3 Rb8 {was also similar to what happened in the game.})
13... Rb8 14. Bd2 bxc3 15. Bxc3 Be7 16. b4 O-O 17. O-O Qb6 18. Qd2 Rfe8 {
Black hopes the R will be useful on the e-file.} ({Nevertheless} 18... Rfc8 {
was more logical.}) 19. Rfb1 {White prepares for his queenside play with all
his pieces. Now he is ready to play b5.} Bd8 20. b5 a5 {Black tries to close
the queenside.} ({The engine suggests the strange} 20... Qa7 $5 {. He prepares
for ...Bb6 to exert pressure on the f2 P. For example:} 21. Bb4 ({or} 21. bxa6
Bb6 22. Qe1 Qxa6 {and Black looks nicely placed.}) 21... Bb6 22. Nc3 Bc5 23.
Bxc5 Nxc5 $13 {and Black doesn't have any problem.}) 21. Bb2 {White would like
to put his B on a3.} ({In the event of} 21. Nc1 {to prepare for Nb3, Black can
answer with} Nc5 22. Qe2 (22. Nb3 $2 Nfe4) 22... Qa7 23. Nb3 Rc8 {and Black
can hold his queenside.}) 21... Nc5 22. Ba3 $6 {A brave decision. White simply
sacrifices his a4-P.} (22. Qc2) 22... Rc8 $6 {Black doesn't accept the gift.} (
{On the other hand Black could take with} 22... Nxa4 $1 23. Qc2 Nc5 24. Bxc5
Qxc5 $15 {and Black is a healthy P up.}) 23. Bxc5 Rxc5 24. Rc1 Nd7 25. Nc3 Qb8
$2 {An unexpexted mistake. Black allows the unpleasant Ne4.} (25... f5 $1 {
was important, for example} 26. Nd1 Rf8 $132 {with a double-edged fight.}) 26.
Ne4 $1 $16 {White's N has arrived on a great central square. From this time on,
Black can't play ...f5, because of Ng5! Now Black is in big trouble.} Bb6 {
Black finally sacrifices his exchange and he hopes he has some compensation on
the dark squares.} (26... Rxc1+ 27. Rxc1 f5 28. Ng5 Nc5 29. Rc4 $16 {and White
is better.}) 27. Qg5 $1 {Another strong reply. He doesn't take the R
immediately, first he activates his Q and he creates some threats on the
kingside.} Qc7 (27... g6 28. Nxc5 Nxc5 29. Rc4 $16 {and White is simply an
exchange up.}) 28. h4 $3 {A very deep move by Shirov. He doesn't accept the R
yet, he prepares for the really strong Bh3!} Rc8 29. Nxc5 Nxc5 30. Qxh5 $18 {
Now White is an exchange and a P up. Black's situation is hopeless.} Re8 31.
Be4 Qd8 32. Qh7+ Kf8 33. Ra3 $1 {The R is coming from the other side to f3!}
Ke7 34. Rf3 Rg8 35. Qf5 Qf8 36. Qg5+ f6 37. Qg4 Qf7 38. Bh7 Rf8 39. Be4 Rg8 40.
h5 Rh8 41. Rf5 Kd8 42. Qf3 Kc7 43. Rg5 $1 Rf8 44. Rg6 Kb8 45. Bf5 Qb7 46. Rc4
Rf7 47. Kg2 Ka7 48. h6 gxh6 49. Rxh6 1-0

[Event "Danzhou 7th"]
[Site "Danzhou"]
[Date "2016.07.15"]
[Round "7"]
[White "Harikrishna, Pentala"]
[Black "Nepomniachtchi, Ian"]
[Result "1-0"]
[WhiteElo "2755"]
[BlackElo "2725"]
[Annotator "Szabo,Kr"]
[PlyCount "85"]
[EventDate "2016.07.08"]
[EventType "tourn"]
[EventRounds "9"]
[EventCountry "CHN"]
[EventCategory "20"]
[SourceTitle "CBM 174"]
[Source "ChessBase"]
[SourceDate "2016.09.13"]
[SourceVersion "1"]
[SourceVersionDate "2016.09.13"]
[SourceQuality "1"]

1. e4 c5 2. Nf3 d6 3. d4 cxd4 4. Nxd4 Nf6 5. Nc3 a6 6. h3 e5 7. Nde2 h5 8. g3
Nbd7 9. a4 b6 10. Nd5 ({The straightforward} 10. Bg2 {is also possible, but I
think the text move is more accurate.}) 10... Nxd5 (10... Nxe4 {looks too
dangerous, because} 11. Bg2 Nec5 12. Nec3 Bb7 {and now the engine suggests the
strange} 13. h4 $5 $44 {Black has a pawn up, but White is very active, so he
has a strong compensation.}) 11. Qxd5 Rb8 12. Nc3 {Still White doesn't
continue the development, as the knight goes toward d5.} Bb7 13. Qd2 $146 {
A new move.} ({Five month ago Harikrishna played} 13. Qa2 Be7 14. Be3 Nf6 15.
Bg2 O-O 16. O-O {with a balanced position, Harikrishna-Dominguez Perez,
Huai'an blitz 2016.}) (13. Qd1 {is more common.}) 13... Nf6 (13... h4 $5 {
is also possible.}) 14. Bg2 Be7 15. O-O O-O 16. Qe2 h4 17. gxh4 b5 $5 {Black
is very ambitious, however it is risky too.} 18. axb5 axb5 19. h5 $1 {White
befenits from the looks weak h-pawn. The pawn is protected on h5 and he is
ready to push to h6.} ({The greedy} 19. Nxb5 $6 {could have been met by} Nxe4
$1 $132) 19... b4 20. Nd1 (20. Nd5 $5 {was the alternative move.}) 20... Ra8
21. Rxa8 Qxa8 22. Re1 {Otherwise ...Ba6.} Re8 $6 {Black would like to break in
the centre with ...d5, but this is an inaccuracy.} (22... Rc8 {looks more
natural.}) 23. c4 {White completely avoids ...d5.} ({The intermediate} 23. h6
$5 {was also an interesting option.}) 23... Bf8 24. Bd2 (24. h6) ({and} 24. Bg5
{are also possible.}) 24... Rc8 25. Bg5 ({In case of} 25. Bxb4 Qa4 {and
Black's pieces become very active.}) 25... Nh7 {The knight wants to stay on
the kingside.} ({If} 25... Nd7 26. h6 g6 27. h4 $40 {followed by h5 and White
has a strong attack.}) 26. h4 {A logical move, because he protects the bishop
by a pawn and he frees the h3-square for the g2-bishop. Nevertheless White
can't continue with Ne3, as ...f6 and the g5-bishop is trapped.} ({I think} 26.
Bh4 $1 {was more accurate:} Qa2 27. Ne3 $1 $16 {and White looks nicely placed.}
) 26... Qa2 $1 {The right reply, Black immediately create some counterplay on
the queenside.} 27. Bf1 ({The tempting} 27. Ne3 $2 {could have been met by} f6
$1 {and the bishop is trapped.}) 27... Rc7 28. Qd3 $1 {White starts to improve
his pieces.} Ba6 $2 (28... Qa8 $1 {was more accurate to avoid the unpleasant
Ne3.}) 29. b3 Bc8 {This manoeuvre only helped for White.} 30. Ne3 $1 {Finally
the knight can come into play.} Be6 ({Now} 30... f6 {is nothing, because of}
31. Nd5 $18 {and White is winning.}) 31. Nd5 $18 {Strategically Black's
position is hopeless.} Rb7 32. Bh3 Qa8 33. Bf5 $1 {Another strong reaction.}
Ra7 34. Nxb4 Ra1 35. Rxa1 Qxa1+ 36. Kg2 Bxf5 37. exf5 e4 38. Qxe4 Qc3 39. Nd5
Qxb3 40. h6 gxh6 41. Bf6 Nxf6 42. Nxf6+ Kg7 43. Nd7 {Very nice technique by
Harikrishna!} 1-0